Wyspy Świnoujścia na mapie - Statystyki

Ogólne statystyki
  • Ten quiz został rozwiązany 24 razy
  • Średni wynik to 4 z 20
Odpowiedzi na mapie
Odpowiedzi zakodowano w zielono-czerwonej skali na mapie do tego quizu, zgodnie z poniższymi procentami.
 
Statystyki odpowiedzi
Wyspa % Poprawnych
Wolin
100%
Karsibór
88%
Uznam
88%
Mały Krzek
13%
Wielki Krzek
13%
Wydrza Kępa
13%
Bielawki
6%
Chełmek
6%
Chełminka
6%
Karsiborska Kępa
6%
Koński Smug
6%
Koprzywskie Łęgi
6%
Lądko
6%
Ostrówek
6%
Smug
6%
Trzcinice
6%
Warnie Kępy
0%
Wiszowa Kępa
0%
Wola Kępa
0%
Wołcza Kępa
0%
Nie znaleziono quizów pasujących do podanych kryteriów
Rozkład punktacji
Procent ludzi z każdym wynikiem
Percentyl według liczby udzielonych odpowiedzi
Twoja historia wyników
Nie rozwiązałeś tego quizu